Desplazados y refugiados

Wedi'i Gadw mewn:
Manylion Llyfryddiaeth
Fformat: Texto
Iaith:Spanish
Pynciau:
Tagiau: Ychwanegu Tag
Dim Tagiau, Byddwch y cyntaf i dagio'r cofnod hwn!

MARC

LEADER 00000 a a2200000 04500
001 161
003 cru CIDCACS/IIS
005 20190903155544.0
008 190903b ||||| |||| 00| 0 spa d
999 |c 42314  |d 42314 
040 |c cru CIDCACS/IIS 
245 0 |a Desplazados y refugiados  
300 |a páginas 3-8 
650 0 |9 299  |a MIGRACION 
650 0 |9 7203  |a DESPLAZADOS 
650 0 |9 2860  |a REFUGIADOS 
651 0 |9 1095  |a VENEZUELA 
942 |2 ddc  |c PP 
773 0 |0 42310  |9 3163  |a Centro de Estudios Pastoral y Asistencia Migratoria (CEPAM)  |d s.l.: CEPAM  |o 03667  |t Acontecer Migratorio /  |w (cru CIDCACS/IIS)153